| 000 | 00376nam a2200145Ia 4500 | ||
|---|---|---|---|
| 008 | 150201s2001 xx 000 0 und d | ||
| 082 |
_a617.6 _bC2001S |
||
| 100 | _aAMITA MALI | ||
| 245 | _aTEXT BOOK OF COMMUNITY DENTISTRY | ||
| 250 | _a2ND | ||
| 260 |
_bPARAS PUBLISHING _aHYDERABAD _c2001 |
||
| 300 | _a1- | ||
| 650 | _aPREVENTIVE AND COMMUNITY DENTISTRY | ||
| 942 |
_2ddc _cBK |
||
| 999 |
_c2737 _d2737 |
||